[Event "Oberliga Nord W 1819"]
[Site "Germany"]
[Date "2019.01.20"]
[Round "5.6"]
[White "Szalanczy, Emil"]
[Black "Pahl, Erik"]
[Result "1-0"]
[WhiteElo "2180"]
[BlackElo "1968"]
[PlyCount "73"]
[EventDate "2018.10.21"]
[EventType "team-tourn"]
[EventRounds "9"]
[EventCountry "GER"]
[SourceTitle "EXT 2020"]
[Source "ChessBase"]
[SourceDate "2019.10.17"]
[SourceVersion "1"]
[SourceVersionDate "2019.10.17"]
[SourceQuality "1"]
[WhiteTeam "Tostedt"]
[BlackTeam "Delmenhorst"]
[WhiteTeamCountry "GER"]
[BlackTeamCountry "GER"]

1. e4 c5 2. Nf3 d6 3. d4 cxd4 4. Nxd4 Nf6 5. Nc3 a6 6. Bg5 e6 7. f4 h6 8. Bh4 Qb6 9. a3 Be7 10. Bf2 Qc7 11. Be2 b5 12. Bf3 Bb7 13. Qe2 Nbd7 14. 0-0 Rc8 15. Rae1 Nb6 16. Nd1 0-0 17. b3 d5 18. e5 Ne4 19. b4 Nc4 20. Qd3 Ned2 21. Be2 Rb8 22. f5 Nxf1 23. Bxf1 exf5 24. Nxf5 Bc8 25. Nxe7+ Qxe7 26. Bc5 Qg5 27. Bxf8 Kxf8 28. Ne3 Qxe5 29. Re2 Nxe3 30. Rxe3 Qf5 31. Qd4 Be6 32. Bd3 Qg4 33. Qe5 Rc8 34. h3 Qg5 35. Qd6+ Kg8 36. Rxe6 Rd8 37. Re1 1-0

[Event "Bremen Silvester op"]
[Site "Bremen"]
[Date "2018.12.29"]
[Round "6"]
[White "Pahl, Erik"]
[Black "Hedke, Fred"]
[Result "0-1"]
[WhiteElo "1984"]
[BlackElo "2243"]
[PlyCount "62"]
[EventDate "2018.12.27"]
[EventType "swiss"]
[EventRounds "7"]
[EventCountry "GER"]
[SourceTitle "CBM 188 Extra"]
[Source "ChessBase"]
[SourceDate "2019.02.26"]
[SourceVersion "1"]
[SourceVersionDate "2019.02.26"]
[SourceQuality "1"]

1. e4 e5 2. Nf3 Nc6 3. Bb5 d6 4. d4 exd4 5. Nxd4 Bd7 6. Bxc6 bxc6 7. Qf3 c5 8. Nf5 g6 9. Ne3 Bg7 10. 0-0 Nf6 11. Nd5 Nxd5 12. exd5 0-0 13. Nd2 Re8 14. c3 Qh4 15. h3 Bb5 16. c4 Bxc4 17. Nxc4 Qxc4 18. Bg5 Re5 19. Bf4 Rf5 20. Bg5 Re5 21. Be3 Rf5 22. Qg3 Qxd5 23. Rfd1 Qe4 24. Qg4 Qc6 25. Rab1 a5 26. Rd2 Rb8 27. a3 Re5 28. Bf4 Re4 29. Qf3 Qe8 30. Be3 Rb3 31. Qd1 Qe6 0-1

[Event "Bremen Silvester op"]
[Site "Bremen"]
[Date "2018.12.28"]
[Round "4"]
[White "Steffens, Olaf"]
[Black "Pahl, Erik"]
[Result "1-0"]
[WhiteElo "2185"]
[BlackElo "1984"]
[PlyCount "75"]
[EventDate "2018.12.27"]
[EventType "swiss"]
[EventRounds "7"]
[EventCountry "GER"]
[SourceTitle "CBM 188 Extra"]
[Source "ChessBase"]
[SourceDate "2019.02.26"]
[SourceVersion "1"]
[SourceVersionDate "2019.02.26"]
[SourceQuality "1"]

1. b4 e5 2. a3 d5 3. Bb2 f6 4. e3 Be6 5. c4 c6 6. Nf3 Bd6 7. Qb3 Ne7 8. Nc3 Nd7 9. d4 e4 10. cxd5 Bxd5 11. Nxd5 cxd5 12. Nd2 f5 13. g3 0-0 14. b5 Nf6 15. a4 Kh8 16. h4 Qd7 17. Be2 Rfc8 18. a5 b6 19. Nb1 Qc7 20. axb6 axb6 21. Rxa8 Rxa8 22. Kd2 g6 23. Nc3 Kg7 24. Rc1 Qa7 25. Bd1 h6 26. Na4 Kf7 27. Ke2 Ke6 28. Ra1 Qb7 29. Rc1 Ne8 30. Kf1 Nc7 31. Nc3 Ra5 32. h5 g5 33. g4 Kf6 34. gxf5 Nxf5 35. Bg4 Be7 36. Nxe4+ dxe4 37. d5+ Kf7 38. Rxc7 1-0